| 000 | 00894nam a2200265 i 4500 | ||
|---|---|---|---|
| 001 | 186716 | ||
| 003 | SpMaBN | ||
| 005 | 20250930063159.0 | ||
| 008 | 170208s2004 sp d |||| | spa d | ||
| 020 | _a84-407-1285-5 | ||
| 080 | _a090.1(038) | ||
| 080 | _a002(091)(038) | ||
| 100 | 1 |
_aRuiz Fresno, Pilar _9161667 |
|
| 245 | 1 | 3 |
_aLa bibliofilia, una pasión-- _b: diccionario breve / _cPilar Ruiz. |
| 246 | 3 | 7 | _aDiccionario de bibliofilia |
| 260 |
_aMadrid : _bPromociones y Ediciones, _c2004. |
||
| 300 |
_a126 p. ; _c25 cm. |
||
| 504 | _aBibliografía: p. 125-126. | ||
| 650 | 7 |
_aBibliofilia- _vDiccionarios. _9161668 |
|
| 650 | 4 |
_aLibros- _vHistoria- _vDiccionarios. _9148634 |
|
| 852 |
_aES-MaACL _jA-14007 _z Encuadernación de guaflex _9193773 _bR.151304 _cDEPO1 _dOlim: N-7007 |
||
| 942 |
_2udc _cMONOGRAFIA |
||
| 999 |
_c186716 _d186716 |
||